=LDR 00000nam 2200000 4500 =001 000799 =005 20250711113333 =035 ##$$a 0010-0725000669 =007 ta =008 250711################a##########0#ind## =020 ##$$a 978-623-307-761-3 =082 ##$$a 398.209 598 =084 ##$$a 398.209 598 RAT t =100 #$$a Rathana Chanta =245 1#$$a Toutou Ingin Pergi ke Kota /$c Chantha Rathana =250 ##$$a Cetakan Pertama 2024 =260 ##$$a Jakarta :$b Badan Pengembangan dan Pembinaan Bahasa,$c 2022 =300 ##$$a 20 hlm : $b Ilus. ; $c 22,9 cm =650 #4$$a Cerita Anak Indonesia - Terjemahan =650 #4$$a Literasi- Bahan Bacaan =990 ##$$a TBM202400608